Gate 2020 Mechanical Engineering (Record no. 6871)

MARC details
000 -LEADER
fixed length control field 00323nam a2200145Ia 4500
003 - CONTROL NUMBER IDENTIFIER
control field OSt
008 - FIXED-LENGTH DATA ELEMENTS--GENERAL INFORMATION
fixed length control field 191201s2019 xx 000 0 und d
082 ## - DEWEY DECIMAL CLASSIFICATION NUMBER
Classification number 621.076
Item number MAG
100 ## - MAIN ENTRY--PERSONAL NAME
Personal name MADE EASY
245 #0 - TITLE STATEMENT
Title Gate 2020 Mechanical Engineering
260 ## - PUBLICATION, DISTRIBUTION, ETC. (IMPRINT)
Name of publisher, distributor, etc Made Easy
300 ## - PHYSICAL DESCRIPTION
Extent 787
650 ## - SUBJECT ADDED ENTRY--TOPICAL TERM
Topical term or geographic name as entry element B.Tech(ME)
942 ## - ADDED ENTRY ELEMENTS (KOHA)
Source of classification or shelving scheme Dewey Decimal Classification
Koha item type Text Books
Holdings
Withdrawn status Lost status Source of classification or shelving scheme Damaged status Not for loan Collection code Home library Current library Date acquired Source of acquisition Cost, normal purchase price Bill Number Total Checkouts Full call number Acc. no. / Barcode Date last seen Date last borrowed Actual Cost, discounted price Bill Date Koha item type Public note
    Dewey Decimal Classification     GENERAL PIET C-LIBRARY PIET C-LIBRARY 21/07/2020 Kirti Prakashan 850.00 IN3888 1 621.076 MAG 30621 12/09/2025 03/12/2024 637.50 16/05/2019 Reference Books Competition
    Dewey Decimal Classification     GENERAL PIET C-LIBRARY PIET C-LIBRARY 21/07/2020 Kirti Prakashan 850.00 IN3888 9 621.076 MAG 30622 20/01/2025 07/01/2025 637.50 16/05/2019 Text Books Competition

Design & Developed by: PIET Central Library
R70 Miles Stone Pattikalyana Samalkha Panipat 132102
mail ID :- [email protected], Phone No:- 0180-2569700 Ex.216